000 00689naa a22001697a 4500
001 209879
003 ES-MaBCM
005 20230222123505.0
008 190103t2018 sp ||||| ||||o00| 0 spa d
035 _a(OCoLC)1365228375
040 _cES-MaBCM
100 1 _973101
_aRebato Peño, María Elena
245 1 4 _aLos deberes constitucionales
_cMaría Elena Rebato Peño
_b: en especial, defender a España y contribuir al gasto público
504 _aIncluye referencias bibliográficas
773 0 _dMadrid, Centro de Estudios Políticos y Constitucionales, 2018
_gp. 2417-2429 - Loc. 60041/3
_tEspaña constitucional: (1978-2018) : trayectorias y perspectivas
_w209035
942 _2udc
_cAMON
999 _c209879
_d209879